El martirio en la antigüedad cristiana

Đã lưu trong:
Chi tiết về thư mục
Tác giả chính: Hamman, Adalbert G (Tác giả)
Định dạng: Sách
Ngôn ngữ:Tiếng Tây Ban Nha
Được phát hành: Bilbao Desclée de Brouwer 1998
Loạt:Biblioteca Catecumenal
Những chủ đề:
Các nhãn: Thêm thẻ
Không có thẻ, Là người đầu tiên thẻ bản ghi này!

MARC

LEADER 00000nam a2200000 a 4500
001 UCL4996
003 CL-VaPUC
008 040227e19980000SP |||||||||||||||||spa|d
020 |a 8433013408 
082 0 4 |a 272  |b HAM  |2 21 
100 |a Hamman, Adalbert G  |e author  |9 581766 
245 1 3 |a El martirio en la antigüedad cristiana 
300 |a 216 p 
942 |c BK 
945 |d 20040227 00:00:00  |a cmena 
260 |a Bilbao  |b Desclée de Brouwer  |c 1998 
650 7 |a PERSECUCIONES RELIGIOSAS  |2 CL-VaPUC  |9 482739 
650 0 |a Cristianismo  |9 257361 
650 7 |a MARTIRES  |2 CL-VaPUC  |9 406784 
583 |a last modification  |c 20040227 00:00:00  |k Rodrigo Vera 
490 0 |a Biblioteca Catecumenal 
999 |c 307740  |d 307738 
952 |0 0  |1 0  |4 0  |6 272_000000000000000_HAM_1998  |7 0  |8 A  |9 373830  |a BIBTEO  |b BIBTEO  |d 2019-11-21  |i 3957853  |o 272 HAM 1998  |p 3957853  |r 2025-01-17  |w 2019-11-21  |y BK  |k ICR